|
|
|
|
| LEADER |
01338nam a2200277 a 4500 |
| 001 |
3102827 |
| 008 |
100307r20021999maua bi 001 0 eng d |
| 010 |
|
|
|a 99020757
|
| 020 |
|
|
|a 0412146614 (alk. paper)
|
| 040 |
|
|
|a DLC
|c DLC
|d DLC
|d BD-DhAAL
|
| 082 |
0 |
0 |
|a 621.381
|2 21
|
| 100 |
1 |
|
|a Goldman, Alex.
|
| 245 |
1 |
0 |
|a Handbook of modern ferromagnetic materials /
|c Alex Goldman.
|
| 260 |
|
|
|a Boston :
|b Kluwer Academic Publishers,
|c c1999.[Second printing 2002]
|
| 300 |
|
|
|a xix, 646 p. :
|b ill. ;
|c 25 cm.
|
| 490 |
|
4 |
|a The Kluwer international series in engineering and computer science ;
|v SECS 505
|
| 504 |
|
|
|a Includes bibliographical references and index.
|
| 541 |
1 |
|
|e 00019852
|
| 650 |
|
0 |
|a Magnetic materials.
|
| 650 |
|
0 |
|a Electronics
|x Materials.
|
| 650 |
|
0 |
|a Ferrites (Magnetic materials)
|
| 852 |
4 |
|
|a Ayesha Abed Library
|j General shelf
|
| 999 |
|
|
|c 7707
|d 7707
|
| 952 |
|
|
|0 0
|1 0
|2 ddc
|4 0
|6 621_381000000000000_GOL_2002
|7 0
|9 8457
|a BRACUL
|b BRACUL
|c GEN
|d 2010-03-07
|l 0
|o 621.381 GOL
|p 3010019852
|r 2010-03-07
|t 1
|w 2010-03-07
|y BK
|
| 952 |
|
|
|0 0
|1 0
|2 ddc
|4 0
|6 621_381000000000000_GOL_2002
|7 0
|9 8458
|a BRACUL
|b BRACUL
|c GEN
|d 2010-03-07
|l 0
|o 621.381 GOL
|p 3010019853
|r 2010-03-07
|t 2
|w 2010-03-07
|y BK
|
| 952 |
|
|
|0 0
|1 0
|2 ddc
|4 0
|6 621_381000000000000_GOL_2002
|7 0
|9 8459
|a BRACUL
|b BRACUL
|c GEN
|d 2010-03-07
|l 0
|o 621.381 GOL
|p 3010019854
|r 2010-03-07
|t 3
|w 2010-03-07
|y BK
|